Piosenka, która ma w tytule kolor. - Statystyki

Ogólne statystyki
  • Ten quiz został rozwiązany 41 razy
  • Średni wynik to 2 z 6
Statystyki odpowiedzi
Odpowiedź % Poprawnych
Czerwone korale
61%
Przez twe oczy zielone
61%
Jej czarne oczy
19%
Chodź pomaluj mój świat
16%
Dziewczyny lubią brąz
6%
Bała mewa
0%
Nie znaleziono quizów pasujących do podanych kryteriów
Rozkład punktacji
Procent ludzi z każdym wynikiem
Percentyl według liczby udzielonych odpowiedzi
Twoja historia wyników
Nie rozwiązałeś tego quizu